000 00588nam a22002177a 4500
005 20250826152016.0
100 _aReju, M.j.
245 _aRubber Plantation In Sub-tropical Climate: A Managed Sink Of Atmospheric Carbon
260 _bRubber Science, 38(1)
_c2025
300 _a46-55
650 _aAnnual Tree Loss
650 _aBiomass assimilation
650 _aCarbon dioxide removal
650 _aCarbon sequestration
650 _aCarbon sink
650 _aOxygen release
700 _aChandra, U.
700 _aGopalakrishnan, J.
700 _aJessy, M.D.
942 _cJS
999 _c75563
_d75563